000 00926cam a2200253 a 4500
999 _c126607
_d126607
001 4742024
003 ARRUPE
005 20170809121830.0
008 840711s1984 bs a 000 0 eng
010 _a 84184372
040 _aDLC
_cDLC
_dDLC
043 _ad------
050 0 0 _aLC65
_b.V35 1984
082 0 0 _a370.11/3
_219
100 1 _aVan Rensburg, Patrick.
_926933
245 1 0 _aLooking forward from Serowe :
_ba special supplement to the journal Education with production /
_c[Patrick van Rensburg].
260 _aGaborone, Botswana :
_bFoundation for Education with Production,
_c[1984]
300 _a137 p :
_bill. ;
_c21 cm.
650 0 _aDrama
_zBotswana
_934669
650 0 _aDrama and politics
_934670
730 0 _aEducation with production.
_pSupplement.
_934671
906 _a7
_bcbc
_corignew
_d3
_encip
_f19
_gy-gencatlg
942 _2lcc
_cMONOGRAPH